LEADER 02804nam 2200613 450 001 9910808489603321 005 20230617013535.0 010 $a1-4725-0234-5 010 $a1-4725-0233-7 035 $a(CKB)2550000001194529 035 $a(EBL)1609878 035 $a(SSID)ssj0001113042 035 $a(PQKBManifestationID)12383602 035 $a(PQKBTitleCode)TC0001113042 035 $a(PQKBWorkID)11162486 035 $a(PQKB)11032502 035 $a(MiAaPQ)EBC1609878 035 $a(Au-PeEL)EBL1609878 035 $a(CaPaEBR)ebr10831846 035 $a(CaONFJC)MIL603665 035 $a(OCoLC)870245595 035 $a(EXLCZ)992550000001194529 100 $a20140214h20032003 uy 0 101 0 $aeng 135 $aur|n|---||||| 181 $ctxt 182 $cc 183 $acr 200 10$aRadical theatre $eGreek tragedy and the modern world /$fRush Rehm 210 1$aLondon, England ;$aNew York, New York :$cBloomsbury,$d2003. 210 4$dİ2003 215 $a1 online resource (175 p.) 225 0$aClassical inter/faces 300 $aDescription based upon print version of record. 311 $a0-7156-2916-6 320 $aIncludes bibliographical references and index. 327 $aCover; Contents; A Note to the Reader; Introduction: Timely Thoughts; 1. Theatre, Artifice, Environment; 2. Tragedy and Fear; 3. The Fate of Agency, the Agency of Fate; 4. Tragedy and Ideology; 5. Tragedy and Time; Epilogue: Progress and Survival; Notes; Bibliography; Index; A; B; C; D; E; F; G; H; I; K; L; M; N; O; P; R; S; T; U; W; Y 330 $aWhy should Greek tragedy matter now? This book opens a dialogue between the tragic theatre in ancient Athens and the multiple performances of the modern world. In five interconnected essays, Rush Rehm engages tragedy on its own terms, using our oldest theatre as inspiration for how we might shape the theatre of the future. 'Theatre, Artifice, Environment' explores the difference between the outdoor theatre of Athens and the artificial interiors of modern performance. 'Theatre and Fear' compares the terrors confronted in Greek tragedy with our own, seemingly distant fears (environmental destruc 410 0$aClassical Inter/faces 606 $aGreek drama (Tragedy)$xHistory and criticism 606 $aGreek drama (Tragedy)$xAppreciation$zForeign countries 606 $aGreek drama$xModern presentation 615 0$aGreek drama (Tragedy)$xHistory and criticism. 615 0$aGreek drama (Tragedy)$xAppreciation 615 0$aGreek drama$xModern presentation. 676 $a882/.0109 700 $aRehm$b Rush$0162820 801 0$bMiAaPQ 801 1$bMiAaPQ 801 2$bMiAaPQ 906 $aBOOK 912 $a9910808489603321 996 $aRadical theatre$91108064 997 $aUNINA LEADER 03702nam 2200673Ia 450 001 9910955681603321 005 20200520144314.0 010 $a9780791496268 010 $a0791496260 035 $a(CKB)2670000000233955 035 $a(EBL)3408345 035 $a(SSID)ssj0000165125 035 $a(PQKBManifestationID)11153139 035 $a(PQKBTitleCode)TC0000165125 035 $a(PQKBWorkID)10125786 035 $a(PQKB)11547577 035 $a(MiAaPQ)EBC3408345 035 $a(DE-B1597)735879 035 $a(DE-B1597)9780791496268 035 $a(Perlego)2674649 035 $a(EXLCZ)992670000000233955 100 $a19960321d1997 ub 0 101 0 $aeng 135 $aur|n|---||||| 181 $ctxt 182 $cc 183 $acr 200 00$aGrasping land $espace and place in contemporary Israeli discourse and experience /$fedited by Eyal Ben-Ari and Yoram Bilu 210 $aAlbany, N.Y. $cState University of New York Press$dc1997 215 $a1 online resource (258 p.) 225 0 $aSUNY series in anthropology and Judaic studies 300 $aDescription based upon print version of record. 311 08$a9780791432174 311 08$a0791432173 320 $aIncludes bibliographical references and index. 327 $a""Front Matter""; ""Half Title Page""; ""Title Page""; ""Copyright Page""; ""Dedication Page""; ""Table of Contents""; ""EYAL BEN-ARI AND YORAM BILU""; ""Contents""; ""To Morocco and Back: Tourism and Pilgrimage among Moroccan-Born Israelis""; ""Gravesites and Memorials of Libyan Jews: Alternative Versions of the Sacralization of Space in Judaism""; ""Saints' Sanctuaries in Israeli Development Towns: On a Mechanism of Urban Transformation""; ""The Presence of Absence: The Memorialism of National Death in Israel""; ""Tiyul (Hike) as an Act of Consecration of Space"" 327 $a""Remaking Place: Cultural Production in Israeli Pioneer Settlement Museums""""In and Out of Territory""; ""The Double Site of Israel""; ""A Response from New York: Return of the Repressed?""; ""Epilogue (Three Years Later)""; ""Back Matter""; ""Contributors""; ""Index"" 330 $aExamines the discourses and experiences associated with space and place in contemporary Israel.This volume explores various processes associated with constructing what has variously been called "The Holy Land," "Eretz Israel," "Zion," Palestine," or "Israel." The contributors focus on ways the landscapes of Israel figure in creating and recreating the identity, presence, and history of groups living there. The book critiques the assumptions lying at the base of various spatial practices related to Zionism. It does this through both a theoretical examination and a focus on hitherto little explored phenomena such as pilgrimages of Israelis to their (or their relatives') native lands abroad, the establishment of Jewish saints' tombs in Israel, the design of Kibbutz museums, country hikes, and conceptions of territory in mixed (Jewish-Arab) communities. 410 0$aSUNY Series in Anthropology and Judaic Studies 606 $aNational characteristics, Israeli 606 $aJewish shrines$zIsrael 606 $aSacred space$zIsrael 606 $aLand use$zIsrael 606 $aZionism 615 0$aNational characteristics, Israeli. 615 0$aJewish shrines 615 0$aSacred space 615 0$aLand use 615 0$aZionism. 676 $a304.2/3/095694 701 $aBen-Ari$b Eyal$f1953-$0637737 701 $aBilu$b Yoram$0170194 801 0$bMiAaPQ 801 1$bMiAaPQ 801 2$bMiAaPQ 906 $aBOOK 912 $a9910955681603321 996 $aGrasping land$94344792 997 $aUNINA